| 000 | 00694nam a2200205 a 4500 | ||
|---|---|---|---|
| 001 | 001184044 | ||
| 003 | AM-YeHGA | ||
| 005 | 20250617161916.0 | ||
| 008 | 161021s1927 ||||||||||||||||||||rus|c | ||
| 040 | _aAM-YeHGA | ||
| 041 | 0 | _arus | |
| 100 | 1 | _aГолубев, Н.П. | |
| 245 | 1 | 0 |
_aТимофеевка : _bС 25 рис. в тексте / _cН.П. Голубев. |
| 260 |
_aЛенинград : _bИздание Всесоюзного института прикладной ботаники и новых культур, _c1927. |
||
| 300 |
_a57 с. : _bрис. ; _c23 см. |
||
| 504 | _aЛит.: с. 56 | ||
| 650 | 1 | 4 | _aТимофеевка |
| 942 |
_2udc _cBK |
||
| 090 | _c482981 | ||
| 999 |
_c479635 _d479635 |
||